000 00718nam a22002531c 4500
001 023249870
008 170510s1977 gw |||| 000u ger d
020 _a3499141922
_93-499-14192-2
041 _ager
245 0 0 _aMenschenrechte :
_bein Jahrbuch zu Osteuropa /
_chrsg. von Jiri Pelikán; Manfred Wilke
250 _aOrig.-Ausg.
264 _aReinbek bei Hamburg :
_bRowohlt,
_c1977
300 _a477 S.
650 0 _aMenschenrecht
650 0 _aOpposition
651 0 _aOsteuropa
651 0 _aSowjetunion
700 1 _aPelikán, Jiří
_eHerausgeberIn
700 1 _aWilke, Manfred
_eHerausgeberIn
942 _cMG
040 _cRU-10907106
003 RU-10907106
999 _c48935
_d48935
490 0 _aJahrbuch zu Osteuropa
_v[1]